UFC Fighters: Title Shot on Debut - Statistics

General Stats
  • This quiz has been taken 66 times
    53 since last reset
  • The average score is 3 of 22
Answer Stats
Date Opponent Won Answer % Correct
2024 Alexandre Pantoja Kai Asakura
92%
2014 Rose Namajunas 🥇 Carla Esparza
41%
1999 Bas Rutten Kevin Randleman
37%
1997 Kevin Jackson 🥇 Frank Shamrock
35%
2017 Roxanne Modafferi 🥇 Nicco Montaño
24%
1997 Mark Coleman 🥇 Maurice Smith
20%
2014 Carla Esparza Rose Namajunas
18%
2013 Benson Henderson Gilbert Melendez
14%
2003 Matt Hughes Frank Trigg
12%
2014 T.J. Dillashaw Joe Soto
10%
2001 Jens Pulver Caol Uno
8%
2013 Ronda Rousey Liz Carmouche
6%
2017 Cris Cyborg Tonya Evinger
6%
2018 Cris Cyborg Yana Santos
6%
2001 Dave Menne Gil Castillo
2%
2002 Matt Hughes Hayato Sakurai
2%
1999 Pat Miletich André Pederneiras
0%
1998 Frank Shamrock Igor Zinoviev
0%
1998 Frank Shamrock Jeremy Horn
0%
2000 Pat Miletich John Alessio
0%
1998 Frank Shamrock John Lober
0%
1999 Pat Miletich Jorge Patino
0%
No matching quizzes found
Score Distribution
Percent of People with Each Score
Percentile by Number Answered
Your Score History
You have not taken this quiz since the last reset